[Event "IECC Swiss-476.2"]
[Site "IECC email"]
[Date "2004.06.19"]
[Round "?"]
[White "Tutuianu, Aurelian"]
[Black "Mcginnes, Ben"]
[Result "0-1"]
[WhiteElo "1549"]
[BlackElo "1199"]
[PlyCount "30"]
[EventDate "2004.??.??"]
[EventType "swiss (corr)"]
[EventRounds "1"]
[SourceTitle "Corr 2020"]
[Source "ChessBase"]
[SourceDate "2019.09.30"]
[SourceVersion "1"]
[SourceVersionDate "2019.09.30"]
[SourceQuality "1"]
[WhiteTeam "Romania"]
[BlackTeam "Australia"]
[WhiteTeamCountry "ROU"]
[BlackTeamCountry "AUS"]

1. e4 c6 2. d4 d5 3. e5 Bf5 4. Nf3 e6 5. c3 c5 6. Qb3 Qb6 7. Qxb6 axb6 8. Na3 c4 9. b4 Nc6 10. Nb5 Kd7 11. Be2 f6 12. 0-0 fxe5 13. Nxe5+ Nxe5 14. dxe5 Ne7 15. Rd1 Ng6 0-1

[Event "IECC M email"]
[Site "IECC email"]
[Date "2003.03.08"]
[Round "?"]
[White "Tutuianu, Aurelian"]
[Black "Glas, Karl"]
[Result "1-0"]
[WhiteElo "1515"]
[BlackElo "1500"]
[PlyCount "27"]
[EventDate "2003.??.??"]
[EventType "tourn (corr)"]
[EventRounds "6"]
[SourceTitle "Corr 2008"]
[Source "ChessBase"]
[SourceDate "2008.06.24"]
[SourceVersion "1"]
[SourceVersionDate "2008.06.24"]
[SourceQuality "1"]

1. d4 d5 2. c4 Nf6 3. Nf3 dxc4 4. e3 Nc6 5. Bxc4 e6 6. Nc3 e5 7. Nxe5 Nxd4 8. Bxf7+ Ke7 9. exd4 Bg4 10. f3 Bh5 11. Bxh5 Nxh5 12. Qb3 b6 13. Qf7+ Kd6 14. Ne4# 1-0